Central Library OPAC University of Rajshahi

Pricing, distribution, and employment : (Record no. 19104)

MARC details
000 -LEADER
fixed length control field 00804nam a22002652a 4500
001 - CONTROL NUMBER
control field 19104
003 - CONTROL NUMBER IDENTIFIER
rucl marc code BD-RjUL
005 - DATE AND TIME OF LATEST TRANSACTION
control field 20211209000402.0
008 - FIXED-LENGTH DATA ELEMENTS--GENERAL INFORMATION
fixed length control field 140223s1948 nyua b 001 0 eng d
035 ## - SYSTEM CONTROL NUMBER
System control number (BD-RjUL)19162
040 ## - CATALOGING SOURCE
Original cataloging agency DLC
Transcribing agency TOL
Modifying agency OCL
-- SER
-- EQO
-- BD-RjUL
Language of cataloging eng
041 ## - LANGUAGE CODE
Language code of text/sound track or separate title eng
082 00 - DEWEY DECIMAL CLASSIFICATION NUMBER
Classification number 338.5
Author mark and year BEP 1948
100 1# - MAIN ENTRY--PERSONAL NAME
Personal name Bea, Jennifer
Fuller form of name (Joe Staten),
Dates associated with a name 1912-1991
9 (RLIN) 58873
245 10 - TITLE STATEMENT
Title Pricing, distribution, and employment :
Remainder of title economics of an enterprise system /
Statement of responsibility, etc. by Jennifer Bea
260 ## - PUBLICATION, DISTRIBUTION, ETC. (IMPRINT)
Place of publication, distribution, etc. New York :
Name of publisher, distributor, etc. H. Holt,
Date of publication, distribution, etc. 1948
300 ## - PHYSICAL DESCRIPTION
Pagination xiv, 496 p. :
Illustrations illus. ;
Size 22 cm
504 ## - BIBLIOGRAPHY, ETC. NOTE
Bibliography, etc Includes bibliographies and index
650 #0 - SUBJECT ADDED ENTRY--TOPICAL TERM
Topical term or geographic name as entry element Pricing
9 (RLIN) 49280
Topical term or geographic name as entry element Income
9 (RLIN) 58874
Topical term or geographic name as entry element Investments
9 (RLIN) 58875
700 ## - ADDED ENTRY--PERSONAL NAME
Personal name Terry
942 ## - ADDED ENTRY ELEMENTS (KOHA)
Source of classification or shelving scheme Dewey Decimal Classification
Koha item type Books
Holdings
Lost status Source of classification or shelving scheme Damaged status Not for loan Collection code Permanent Location Current Location Shelving location Date acquired Source of acquisition Total Checkouts Full call number Date last seen Copy number Koha item type
  Dewey Decimal Classification     Non-fiction Central Library, University of Rajshahi Central Library, University of Rajshahi   17/02/1955 Asia Foundation   338.5 BEP 1948 23/02/2014 C-3 Books